Kraj vlani navštívilo viac ako 932-tisíc turistov

Bibliographic Details
Corporate Author: Redakcia Podtatranské noviny (Author)
Format: Article
Language:Slovak
PhysicalDescription:Fotografie
ISSN:1210-2423
Subjects:

MARC

LEADER 00000nab a2200000 r4500
001 vtls011862962
003 SK-MaSNL
005 20260305031945.0
008 190425c20190326xo wr|p|||||||000 b|slo
015 |a SNBRB2019/04 
038 |a PPPK 
040 |a PPPKCL  |b slo  |e rda 
041 0 |a slo 
043 |a e-xo--- 
044 |a xo  |c SK 
072 7 |a 338.3/.4  |x Hospodárske a výrobné odvetvia  |2 konspekt 
080 |a 338.48  |x (437.6)  |2 2011 
080 |a 311  |2 2011 
110 2 |a Redakcia Podtatranské noviny  |4 aut  |9 1086340 
245 0 0 |a Kraj vlani navštívilo viac ako 932-tisíc turistov  |c [autor] (red) ; Ilustračná snímka: rov 
300 |b Fotografie 
336 |a text  |b txt  |2 rdacontent 
337 |a bez média  |b n  |2 rdamedia 
338 |a zväzok  |b nc  |2 rdacarrier 
648 7 |a 2018  |2 pppkcl  |9 351415 
650 0 7 |a cestovný ruch  |2 pppkcl   |9 999 
650 0 7 |a štatistika  |2 pppkcl  |9 778 
651 7 |a Kežmarok (Slovensko : okres)  |2 pppkcl  |9 51824 
651 7 |a Poprad (Slovensko : okres)  |2 pppkcl  |9 28675 
651 7 |a Prešovský samosprávny kraj (Slovensko)  |2 pppkcl  |9 23301 
773 0 |t Podtatranské noviny  |g Roč. LX, č. 13 (26.3.2019), s. 7  |x 1210-2423 
852 |a PPPK  |b KIS3GCP 
999 |c 3318135  |d 3320065